000 00683nam a2200241Ia 4500
003 OSt
005 20221006164927.0
006 a|||||r|||| 00| 0
007 ta
008 221006b |||||||| |||| 00| 0 eng d
024 _a7,069
037 _cTextual
040 _aFML
_cFML
_beng
041 _2eng
_aeng
082 _a213n44, M, M8
100 _aBhatiya S.K. Co.
_9678694
245 0 _aDirectory Of Libraries In Delhi
260 _aDelhi
_bReliance Publishing House India
_c1988
300 _a268
_ccm.
700 _a Surendra Kumar Co.
_9678695
942 _h213n44, M, M8
_cTEXL
_2CC
999 _c1118969
_d1118969